LEADER 00906nam0-22003131i-450- 001 990003747370403321 005 20100722100117.0 035 $a000374737 035 $aFED01000374737 035 $a(Aleph)000374737FED01 035 $a000374737 100 $a20030910d--------km-y0itay50------ba 101 0 $aita 105 $ay-------001yy 200 1 $aCognitive development and the acquisition of the language 210 $aNew York$cAcademic Press$d1973 215 $a308 p.$d23 cm 610 0 $aConoscenza$aAspetti psicologici 610 0 $aLinguaggio$aAspetti psicologici 610 0 $aPsicolinguistica 676 $a153$v21$zita 676 $a401.9$v21$zita 801 0$aIT$bUNINA$gRICA$2UNIMARC 901 $aBK 912 $a990003747370403321 952 $a153 CON 1$b1156$fBFS 959 $aBFS 996 $aCognitive development and the acquisition of the language$9509588 997 $aUNINA LEADER 01122nam a2200277 i 4500 001 991001125519707536 008 110328s2010 de b 001 0 eng d 020 $a9783110245394 035 $ab13964483-39ule_inst 040 $aDip.to Filologia Class. e Scienze Filosofiche$bita 082 04$a881.0109 245 00$aAllusion, authority, and truth :$bcritical perspectives on Greek poetic and rhetorical praxis /$cedited by Phillip Mitsis, Christos Tsagalis 260 $aBerlin ;$aNew York :$bDe Gruyter,$cc2010 300 $aVIII, 460 p. ;$c24 cm 490 1 $aTrends in classics. Supplementary volumes ;$v7 504 $aBibliografia: p. [413]-443. Indice 650 4$aPoesia greca 650 4$aRetorica greca 700 1 $aMitsis, Phillip 700 1 $aTsagalis, Christos 907 $a.b13964483$b22-06-11$c28-03-11 912 $a991001125519707536 945 $aLE007 881 MIT 01.01$g1$i2007000210000$lle007$nLE007 2011 Vox$op$pE93.41$q-$rl$s- $t0$u0$v0$w0$x0$y.i15286630$z22-06-11 996 $aAllusion, authority, and truth$9246051 997 $aUNISALENTO 998 $ale007$b28-03-11$cm$da $e-$feng$gde $h0$i0